Wordt geladen...
Cities of Alexander the Great /
| Hoofdauteur: | |
|---|---|
| Formaat: | Printed Book |
| Taal: | English Ancient Greek |
| Gepubliceerd in: |
Oxford : New York :
Clarendon Press ; Oxford University Press,
1996.
|
| Onderwerpen: | |
| Online toegang: | Publisher description |
| LEADER | 01352pam a2200325 a 4500 | ||
|---|---|---|---|
| 001 | 4451568 | ||
| 003 | OSt | ||
| 005 | 20201203163731.0 | ||
| 008 | 950428s1996 enkb b 001 0 eng | ||
| 010 | |a 95019063 | ||
| 020 | |a 0198150067 (acidfree paper) | ||
| 040 | |a DLC |c DLC |d DLC | ||
| 041 | 0 | |a eng |a grc | |
| 043 | |a e-gr--- | ||
| 050 | 0 | 0 | |a DF234.2 |b .F73 1996 |
| 082 | 0 | 0 | |a 938.07 |2 20 |b FRA |
| 100 | 1 | |a Fraser, P. M. |q (Peter Marshall) | |
| 245 | 1 | 0 | |a Cities of Alexander the Great / |c P.M. Fraser. |
| 260 | |a Oxford : |b Clarendon Press ; |a New York : |b Oxford University Press, |c 1996. | ||
| 300 | |a xi, 259, iv p. : |b maps ; |c 23 cm. | ||
| 504 | |a Includes bibliographical references and indexes. | ||
| 600 | 0 | 0 | |a Alexander, |c the Great, |d 356 B.C.-323 B.C. |
| 650 | 0 | |a Cities and towns, Ancient. | |
| 651 | 0 | |a Greece |x History |y Macedonian Expansion, 359-323 B.C. | |
| 856 | 4 | 2 | |3 Publisher description |u http://www.loc.gov/catdir/enhancements/fy0604/95019063-d.html |
| 906 | |a 7 |b cbc |c orignew |d 1 |e ocip |f 19 |g y-gencatlg | ||
| 942 | |2 ddc |c BK | ||
| 955 | |a pb11 to la00 05-01-95; lf25/lf01 05-03-95; lf09 05-03-95; lf29 05-04-95; CIP ver. pv07 01-06-97 | ||
| 999 | |c 316654 |d 316654 | ||
| 952 | |0 0 |1 0 |2 ddc |4 0 |6 938_070000000000000_FRA |7 0 |9 338669 |a ISL |b ISL |d 2020-12-03 |e Oxford university press, Oxford |g 15104.00 |l 0 |o 938.07 FRA |p ISL7746 |r 2020-12-03 |w 2020-12-03 |y BK | ||